Normal view
MARC view
Entry Personal Name
001 - CONTROL NUMBER
- control field: 3266
003 - CONTROL NUMBER IDENTIFIER
- control field: OSt
005 - DATE AND TIME OF LATEST TRANSACTION
- control field: 20220823091117.0
008 - FIXED-LENGTH DATA ELEMENTS
- fixed length control field: 220823|| aca||aabn | a|a d
040 ## - CATALOGING SOURCE
- Original cataloging agency: OSt
- Transcribing agency: OSt
100 ## - HEADING--PERSONAL NAME
- Personal name: Kafka, Břetislav,
- Dates associated with a name: 1891-1967
670 ## - SOURCE DATA FOUND
- Source citation: Work cat.: (OSt)0: Kafka, Břetislav, 1891-1967, Parapsychologie /, 1992